000
00308nam a22001337a 4500
082
_a
823
_b
SUB/B
100
_a
SUBRAMANIAM, NEELA
245
_a
BIRBAL STORIES
260
_a
ERANAKULAM
_b
YOUNG KIDS
300
_a
110
520
_a
ENGLISH SHORT STORIES
650
_a
ENGLISH SHORT STORIES
_z
KERALA
942
_c
BK
999
_c
5159
_d
5159